| 000 | 00507nam a2200157 i 4500 | ||
|---|---|---|---|
| 001 | 85818 | ||
| 003 | ES-MaACL | ||
| 007 | t| | ||
| 008 | 041202s1975 sp ||||1| cat d | ||
| 100 | 1 |
_aJunyent, Eduard. _967315 |
|
| 245 | 1 | 0 |
_aCatalunya románica _b: l'arquitectura del segle XI / _cEduardo Junyent ; fotografíes de Pau Barceló. |
| 260 |
_aMontserrat : _bAbadía de Montserrat, _c1975. |
||
| 300 |
_a243 p., 60 lám. : _bil. ; _c27 cm. |
||
| 700 | 1 |
_aBarceló, Pau. _925512 |
|
| 852 |
_aES-MaACL _jE-9854 |
||
| 999 |
_c85818 _d85818 |
||